000 00485nam a2200181Ia 4500
001 23170
005 20260414150919.0
008 260414t2014||||xx |||||||||||||| ||spa||
041 _aESP
082 _a625.7
_bC88
100 _aCrespo Villalaz, Carlos
_eAUT
245 0 _aVías de comunicación :
_bcaminos, ferrocarriles, aeropuertos, puentes y puertos
260 _c2014
300 _axvii, 736 páginas :
_c23 cm.
650 _a0
654 _aCIC
942 _cLIB
_dJUS
_fJUS
_2ddc
_n
999 _c23170
_d23170